AUDITING AND ASSURANCE (Record no. 5627)

MARC details
000 -LEADER
fixed length control field 00376nam a22001577a 4500
005 - DATE AND TIME OF LATEST TRANSACTION
control field 20171025100648.0
008 - FIXED-LENGTH DATA ELEMENTS--GENERAL INFORMATION
fixed length control field 171025b xxu||||| |||| 00| 0 eng d
041 ## - LANGUAGE CODE
Language code of text/sound track or separate title eng
082 ## - DEWEY DECIMAL CLASSIFICATION NUMBER
Classification number 657.45
100 ## - MAIN ENTRY--AUTHOR NAME
Personal name SHAH, CA URVISH
245 ## - TITLE STATEMENT
Title AUDITING AND ASSURANCE
250 ## - EDITION STATEMENT
Edition statement 8TH ED. 2015
260 ## - PUBLICATION, DISTRIBUTION, ETC. (IMPRINT)
Place of publication AHMEDABAD
Name of publisher DISH NINE PUBLICATION
300 ## - PHYSICAL DESCRIPTION
Number of Pages 13.4p.
942 ## - ADDED ENTRY ELEMENTS (KOHA)
Koha item type Books
Holdings
Lost status Damaged status Collection code Home library Current library Shelving location Date acquired Source of acquisition Cost, normal purchase price Full call number Accession Number Koha item type
    MANAGEMENT JRU Library JRU Library SHELF-70 M 25/10/2017 DONATION 495.00 657.45 22147 Books